[Event "Leiden op-A 10th"]
[Site "Leiden"]
[Date "2016.07.22"]
[Round "6"]
[White "Beerdsen, Thomas"]
[Black "Van Wely, Loek"]
[Result "1-0"]
[WhiteElo "2414"]
[BlackElo "2662"]
[Annotator "CB"]
[PlyCount "91"]
[EventDate "2016.07.15"]
[EventType "swiss"]
[EventRounds "9"]
[EventCountry "NED"]
[SourceTitle "CBM 173 Extra"]
[Source "ChessBase"]
[SourceDate "2016.08.29"]
[SourceVersion "1"]
[SourceVersionDate "2016.08.29"]
[SourceQuality "1"]

{Der 18jährige Thomas Beerdsen ist ein talentierter Spieler aus den
Niederlanden. Van Wely zu schlagen ist ein großer Erfolg für den jungen Mann.
} 1. e4 c5 2. Nf3 d6 3. Bb5+ Nd7 4. O-O Ngf6 5. Re1 a6 6. Bd3 b5 7. c4 g5 $5 {
Loek van Wely weicht niemals einem Kampf aus. Diese Variante wurde schon auf
höchstem Niveau gespielt, zuerst von Topalov und dann von Grischuk - gegen
niemand anderen als Magnus Carlsen.} 8. Nxg5 Ne5 9. Be2 bxc4 10. Na3 {Beerdsen
folgt Carlsens Plan aus der Partie gegen Topalov; 10.Nc3 ist hier aber
bekanntermaßen viel stärker.} (10. Nc3 Rb8 11. Rf1 $5 h6 12. Nf3 $14 {
Carlsen-Grischuk London Chess Classic 2015.}) 10... Rg8 11. f4 Nd3 12. Bxd3
cxd3 13. Qb3 d5 $1 {Zu diesem Zeitpunkt hatte van Wely klaren Vorteil.} (13...
e6 14. Qxd3 $14) 14. Qxd3 h6 15. e5 {Die Stellung wird jetzt sehr schnell sehr
scharf.} Nh5 $6 (15... hxg5 16. exf6 e6 17. Qh7 Rg6 18. fxg5 Rxg5 19. d3 Rg6 {
Die schwarze Stellung scheint in Ordnung zu sein. Diese Variante erscheint als
die natürlichere Spielweise.}) 16. e6 $1 {Stark gespielt!} Bxe6 (16... hxg5
17. exf7+ Kxf7 18. Qh7+ Ng7 (18... Rg7 19. Qxh5+ $16) 19. fxg5 {sieht nicht
gut aus für Schwarz.} Qd6 20. Rf1+ $18) 17. Nxe6 fxe6 18. Qf3 $1 Ng7 19. Qd3 (
19. b3 $1) 19... Nh5 20. Qf3 Ng7 {Weiß steht bereits viel zu gut, als dass er
sich auf Zugwiederholung einlassen müsste.} 21. b3 Kd7 22. Bb2 Nf5 23. Nc4 $1
{The knight enters with decisive effect on e5.} Bg7 (23... dxc4 24. Qb7+ Ke8
25. Qc6+ Kf7 (25... Qd7 26. Qxa8+ $18) 26. Qxe6+ $18) 24. Bxg7 (24. Rxe6 {
war sehr stark, aber schwer zu sehen} Kxe6 25. Re1+ Kf7 (25... Kd7 26. Qxd5+
Kc7 27. Qxc5+ Kb7 28. Na5+ Qxa5 29. Qxa5 Bxb2 30. Qxf5 $18) 26. Qh5+ Kf8 27.
Qxf5+ $18) 24... Rxg7 25. Ne5+ Kd6 26. b4 {Bei gleichem Material steht der
schwarze König mitten im Zentrum - eine für Schwarz komplett verlorene
Stellung.} c4 27. Qf2 (27. Kh1 {mit der Idee g4 war auch stark.}) 27... Qc7 28.
g4 $2 (28. Kh1 $1 $18 {hätte den Damentausch vermieden und war deswegen
besser.}) 28... Qa7 $1 {Der Damentausch steigert die schwarzen
Überlebenschancen.} 29. Qxa7 Rxa7 30. Rac1 h5 31. d3 hxg4 32. dxc4 d4 33. b5
axb5 (33... Kc7 $1) 34. cxb5 Rxa2 $2 {Der finale Fehler.} (34... g3 {und auch
hier steht Weiß besser, doch es wäre noch alles möglich gewesen.}) 35. Rc6+
Kd5 36. Nd3 $1 {Droht Sb4 oder Te5 - jeweils mit Matt!} Ne3 37. Nb4+ Ke4 38.
Nxa2 {Das Matt konnte Schwarz abwenden; das Problem mit dem Turm nicht!} g3 39.
h3 e5 40. fxe5 Rf7 41. Rg6 Rf2 42. Nc3+ dxc3 43. Rxg3 Rf3 44. Rxf3 Kxf3 45. b6
c2 46. Rc1 {Ein wichtiger Sieg in der Karriere des jungen Thomas Beerdsen.} 1-0

[Event "USA-ch U20"]
[Site "Saint Louis"]
[Date "2016.07.11"]
[Round "4"]
[White "Ostrovskiy, Aleksandr A"]
[Black "Xiong, Jeffery"]
[Result "1-0"]
[WhiteElo "2372"]
[BlackElo "2641"]
[Annotator "CB"]
[PlyCount "91"]
[EventDate "2016.07.08"]
[EventType "tourn"]
[EventRounds "9"]
[EventCountry "USA"]
[EventCategory "9"]
[SourceTitle "CBM 173 Extra"]
[Source "ChessBase"]
[SourceDate "2016.08.29"]
[SourceVersion "1"]
[SourceVersionDate "2016.08.29"]
[SourceQuality "1"]
[WhiteClock "0:06:15"]
[BlackClock "0:18:56"]

1. e4 c5 2. Nf3 d6 3. Bb5+ Nd7 4. O-O a6 5. Bd3 Ngf6 6. Re1 e6 (6... b5 7. c4
g5 $5 {Was seen two rounds earlier in the game Ostrovskiy - Bodek.}) 7. c3 b5 {
Now that White has committed himself to the plan with c3-d4, one of Black's
key ideas to stop the central expansion is c5-c4.} 8. a4 c4 9. Be2 $1 {A deep
move, the idea is that in certain lines in which the e4 pawn is lost, the B
plays an important role defending the Knight on f3.} Bb7 10. axb5 axb5 11. Rxa8
Bxa8 (11... Qxa8 12. Na3 Bxe4 13. Nxb5 $16 {And the Bishop is indeed well
placed on e2.}) 12. d3 Be7 13. Nbd2 cxd3 14. Bxd3 Qb6 15. b4 $1 {A great
positional move. For the rest of the game, Black is suffering to defend the
weak pawn on b5.} e5 16. Qe2 Bc6 17. Nb3 O-O 18. Na5 $1 {Attacking the Bishop
on c6 and thus improving the pressure on the weak b5 point.} Rb8 19. Nxc6 Qxc6
20. Bd2 h6 $6 {It's not clear why Black needs this slightly weakening move.} (
20... Nf8 {With the idea of Ne6, may have been better.}) 21. Nh4 $1 {
Ostrovskiy spots that the Knight now has free access to f5 as} Bf8 (21... g6 {
fails to} 22. Bxh6 $16) 22. Nf5 d5 {This may seem like active play on Black's
part, but it is White who proifts from a more opened up position due to
increased activity of the Bishop pair.} 23. exd5 Qxd5 24. Ng3 Qa2 25. Rd1 {
Renewing the threat of Bxb5} Qb3 26. Rb1 Qa2 27. Rd1 Qb3 28. Rb1 Qa2 29. Be1 $1
{White is better and Ostrovskiy used the move repetition in order to get
closer to the move 40 mark.} Qd5 30. Ra1 Ne8 31. Ra5 Nc7 32. c4 $1 {Black is
losing the pawn but Ostrovskiy has a more positional concept in mind} Qc6 33.
c5 $1 {This completely paralizes Black's minor pieces, whilst the weakness on
b5 is still a burden.} g6 34. Ne4 Ne6 35. Nc3 Nd4 36. Qa2 {Threatening Ra6
followed by Rxg6+!} Nxc5 $2 {Black gets virtually no compensation for this
sacrifice, but after other moves the position collapses too, e.g.} (36... Kg7
37. Ra6 Qc8 38. Ne4 Be7 39. Bc3 {Followed by Nd6, White is dominating}) 37.
bxc5 b4 38. Ne4 Be7 39. h3 Qd7 40. Bc4 b3 41. Qb2 Qf5 42. Bd3 Qd7 43. Ra6 Nc6
44. Bc4 Qd4 45. Qxd4 Nxd4 (45... exd4 46. Rxc6 b2 47. Nd2 $18) 46. Rxg6+ {
Black resigned in view of} (46. Rxg6+ Kf8 47. Rb6 Rxb6 48. cxb6 b2 49. Bd3 $18
{A true model game by Alexandr Ostrovskiy who has showed nothing but great
enterprising chess in the first four rounds of the 2016 US Junior Championship.
}) 1-0

[Event "Lopota FIDE GP (Women)"]
[Site "Lopota"]
[Date "2014.07.01"]
[Round "11"]
[White "Kosteniuk, Alexandra"]
[Black "Ju, Wenjun"]
[Result "1-0"]
[WhiteElo "2532"]
[BlackElo "2532"]
[Annotator "CB"]
[PlyCount "111"]
[EventDate "2014.06.19"]
[EventType "tourn"]
[EventRounds "11"]
[EventCountry "GEO"]
[EventCategory "11"]
[SourceTitle "CBM 161 Extra"]
[Source "ChessBase"]
[SourceDate "2014.08.29"]
[SourceVersion "1"]
[SourceVersionDate "2014.08.29"]
[SourceQuality "1"]

{Ju Wenjun played this game as if it was the last game of a knock-out and she
had to win to remain in the tournament. Of course, all she needed was a draw
for a good chance to clinch second place. Her plan backfired badly and
Kosteniuk was able to win against a pawn structure that was simply too
shattered from the early aggression.} 1. e4 c5 2. Nf3 Nc6 3. Bb5 d6 4. O-O Bd7
5. Re1 Nf6 6. h3 a6 7. Bf1 e5 $5 8. c3 g5 $5 {Ju Wenjun was not in a do or die
situation, which makes this move very strange.} (8... Be7 9. d4 cxd4 10. cxd4
exd4 11. Nxd4 O-O {is an edge for White but nothing special.}) 9. Nxg5 Rg8 10.
d4 h6 11. Nf3 Bxh3 {it is unclear that this h-pawn is worth as much as the
g-pawn. In the long run Ju Wenjun's structure will be terrible while her
opponent's is intact.} 12. dxe5 (12. Be3 {keeping the tension in the center
was probably preferable.}) 12... dxe5 13. Qxd8+ Rxd8 14. Nbd2 {Black has some
initiative thanks to her superior development. She has to use this in order to
balance the game.} Be6 15. a4 Be7 16. Nc4 Ng4 17. Be3 f5 $2 {This is too much.}
(17... h5 $1 {The simpler and more logical plan to ram the h-pawn down the
board gives White some real headaches and the game remains unclear.}) 18. exf5
Bxf5 19. Nh2 {Black's structure is just too weak now.} Nxh2 (19... Nxe3 {
at least having the pair of bishops might provide some relief.}) 20. Kxh2 Kf7
21. g3 Be6 22. Rad1 h5 23. Be2 Kg6 24. Nd2 Na5 $2 (24... Nd4 $1) 25. Nf3 Nc6
26. Nh4+ Kg7 27. Bf3 Rh8 28. Be4 {White is positionally better now and Black
has nothing to show for it.} Bb3 29. Rxd8 Bxd8 30. Nf5+ $18 Kf6 31. Nd6 Na5 32.
Nxb7 Nxb7 33. Bxb7 Be7 34. Bxa6 Bxa4 35. f4 e4 36. b4 Ra8 37. Bb7 Rb8 38. Bxe4
cxb4 39. Bd5 $1 Kg7 40. Ra1 Bc2 41. Ra7 Kf8 42. cxb4 {the pawn is taboo. The
rest of the game is easy for Kosteniuk.} Rd8 (42... Rxb4 43. Rxe7 $18) (42...
Bxb4 43. f5 $1 Be7 44. f6 $1 Bxf6 45. Rf7+) 43. Be6 Rd3 44. Bc5 Bxc5 45. bxc5
Rc3 46. Rc7 Be4 47. Kh3 Ke8 48. f5 Rf3 49. c6 Bxf5+ 50. Bxf5 Rxf5 51. Rh7 Kd8
52. Kh4 Rc5 53. c7+ Kc8 54. Rxh5 Rc4+ 55. g4 Kxc7 56. Rd5 1-0

[Event "EU-Cup 11th final"]
[Site "Ljubljana"]
[Date "1995.11.30"]
[Round "1"]
[White "Yudasin, Leonid"]
[Black "Kasparov, Garry"]
[Result "0-1"]
[WhiteElo "2630"]
[BlackElo "2795"]
[Annotator "Chekhov,V"]
[PlyCount "66"]
[EventDate "1995.11.30"]
[EventType "team-k.o."]
[EventRounds "3"]
[EventCountry "SLO"]
[SourceTitle "EXT 2020"]
[Source "ChessBase"]
[SourceDate "2019.10.17"]
[SourceVersion "1"]
[SourceVersionDate "2019.10.17"]
[SourceQuality "1"]
[WhiteTeam "Beer-Sheva Chess Club"]
[BlackTeam "Sarajevo Bosna"]
[WhiteTeamCountry "ISR"]
[BlackTeamCountry "BIH"]

1. e4 {Horvath,T} c5 2. Nf3 d6 3. Bb5+ Nd7 4. d4 (4. O-O Ngf6 5. Re1 a6 6. Bf1
b6 7. d4 cxd4 8. Nxd4 Bb7 9. f3 e6 10. a4 Be7 11. a5 b5 12. c4 bxc4 13. Bxc4
O-O $6 {Shirov-Kasparov/Linares/1994} (13... Ne5 $142)) 4... Ngf6 5. Nc3 (5. e5
Qa5+ 6. Nc3 Ne4 7. Bd2 Nxc3 8. Bxd7+ Bxd7 9. Bxc3 Qa6 10. d5 Bf5 $1 11. Nh4 Bd7
12. Nf3 Bf5 $10) 5... cxd4 6. Qxd4 e5 7. Qd3 h6 8. Nd2 $6 (8. Be3 $5 Be7 9. Bc4
O-O 10. O-O-O a6 11. Bb3 b5 12. Nd5 Nxd5 13. Bxd5 Rb8 14. Ba7 Rb7 15. Bxb7 Bxb7
16. Nd2 $16 {Morovic,F-Topalov,V/Las Palmas/1994/0,5/41/}) 8... Be7 9. Nc4 O-O
10. Bxd7 Bxd7 (10... Qxd7 $6 11. Ne3 b6 12. Nf5 Qb7 13. g4 $1 {Keller,D-Ye,J/
Lucerne/1985/0,5/47/}) 11. Nxd6 (11. Ne3 $6 Be6 12. Ncd5 Rc8 13. c3 Rc5 14.
Nxf6+ Bxf6 15. O-O Qc8 $15 {Rogers,I-Suba,M/Dortmund/1985/0|1/51/}) (11. O-O
Be6 12. Ne3 Rc8 13. Ncd5 $10) 11... Qc7 12. Nf5 Bxf5 13. exf5 e4 14. Nxe4 $5 {
N/} (14. Qe2 Rfe8 (14... Qe5 15. g4 Bb4 16. Bd2 Rfd8 17. a3 e3 18. Qxe3 Bxc3
19. Bxc3 Qb5 20. a4 Qa6 21. Bxf6 gxf6 22. Qb3 Re8+ 23. Kd1 Rad8+ 24. Kc1 Qc6
25. f3 Re2 $44 {Campora,D-Acosta,S/Bogota/1980/1|0/61/}) 15. Bd2 Rac8 (15...
Qe5 16. g4 b5 17. f4 Qc7 18. O-O-O b4 19. Nxe4 Rac8 20. Nxf6+ Bxf6 21. Qd3 a5
22. g5 Red8 23. Qb3 hxg5 24. Be3 gxf4 $17 {Vezzosi,P-Nunn,J/Lugano/1989/0|1/30/
}) 16. a3 Bc5 17. Be3 Qe5 18. Bxc5 Rxc5 19. O-O Qxf5 $17 {Mednis,E-Csom,I/
Cleveland/1975/0|1/35/}) 14... Qe5 (14... Rad8 15. Qe2 Bb4+ (15... Rfe8 16. O-O
$1) 16. c3 Nxe4 17. cxb4 Rfe8 18. Be3 $16) 15. f3 Rad8 (15... Bb4+ 16. c3 Nxe4
(16... Rad8 17. Qc2 Rfe8 18. O-O (18. cxb4 Nxe4 19. fxe4 Qxf5 $17) 18... Nxe4
19. fxe4 Bc5+ 20. Kh1 Qxe4 21. Qxe4 Rxe4 22. Bf4 $14) 17. fxe4 Rad8 18. Qf3 $18
) 16. Qc3 $6 (16. Qe2 $5 Qxf5 (16... Nxe4 17. fxe4 Bb4+ $1 18. Kf2 Rd4 $17) 17.
O-O Rfe8 $146) 16... Qxf5 17. O-O Nxe4 18. fxe4 Qxe4 $15 19. Be3 (19. Re1 Bc5+
20. Kh1 (20. Be3 Bb4 21. Bc5 Qxe1+ 22. Qxe1 Bxe1 23. Bxf8 Kxf8 24. Rxe1 Rd2 25.
Rc1 Ke7 $17) 20... Qh4 $36) 19... a6 20. Rf4 (20. Rad1 Rc8 21. Qd3 Qxd3 22.
cxd3 Rc2 $17) (20. Qb3 $142) 20... Qg6 21. Rf2 (21. Raf1 $6 Bg5 22. R4f2 Rc8
23. Qb3 Bxe3 24. Qxe3 Rxc2 $17) 21... Bh4 $1 (21... Rd5 22. Raf1 $13) 22. g3 (
22. Rd2 Rxd2 (22... Bf6 $5) (22... Rc8 23. Qb3 Rfe8 $15 24. Rf1 (24. Qxb7 Rxc2
25. Rxc2 Qxc2 $17)) 23. Qxd2 Rd8 24. Qc3 Bf6 25. Qb3 Qe4 $15) 22... Bf6 23. Qb4
(23. Qb3 $5) 23... Rfe8 24. Bb6 Rd5 25. a4 h5 $17 26. Qb3 (26. Rg2 Rde5 27. Rf1
Re2 28. Qb3 h4 $19) 26... Rde5 27. Raf1 h4 28. Kh1 (28. Bd4 hxg3 29. hxg3 Rg5
$19) 28... Re1 29. a5 h3 $19 (29... Rxf1+ 30. Rxf1 Qe4+ 31. Qf3 Qxc2 32. gxh4
Qe4 $17) 30. Qf3 Rxf1+ 31. Rxf1 Qxc2 32. Qxb7 Re4 (32... Re2 33. Bg1) 33. Rg1 (
33. Bf2 Bd4 $19 (33... Qxf2 $4 34. Qc8+ Bd8 (34... Kh7 35. Qxh3+ $18) 35. Qxd8+
Kh7 36. Qh4+ Rxh4 37. Rxf2 Rd4 38. Kg1 $13)) 33... Re2 0-1

[Event "Nabereznye Chelny"]
[Site "Nabereznye Chelny"]
[Date "1993.??.??"]
[Round "?"]
[White "Arkhipov, Sergey"]
[Black "Muhutdinov, Marat"]
[Result "1-0"]
[WhiteElo "2515"]
[BlackElo "2475"]
[Annotator "Chekhov,V"]
[PlyCount "49"]
[EventDate "1993.??.??"]
[EventType "tourn"]
[EventRounds "13"]
[EventCountry "RUS"]
[EventCategory "7"]
[SourceTitle "CBM 037"]
[Source "ChessBase"]
[SourceDate "1993.12.01"]
[SourceVersion "1"]
[SourceVersionDate "1993.12.01"]
[SourceQuality "1"]

1. e4 c5 2. Nf3 d6 3. Bb5+ Nc6 (3... Nd7 $5) (3... Bd7 $5) 4. O-O Bd7 5. Re1
Nf6 6. c3 a6 7. Bxc6 Bxc6 8. d4 Bxe4 9. Bg5 d5 10. dxc5 $5 (10. Nbd2 e6 11.
Nxe4 dxe4 12. Rxe4 Be7 13. Bxf6 gxf6 14. Qb3 Qd7 $10 {Shabanov,Y-Zakharov,A
SSSR 1979; 14.Qe2!?/}) 10... e6 11. Bxf6 $5 $146 (11. b4 Be7 (11... Bxf3 12.
Qxf3 Be7 13. c4 O-O 14. Nd2 a5 $1 $10) 12. Nbd2 Bxf3 13. Nxf3 O-O $132 {
Soltis,A-Browne,W USA 1983}) 11... gxf6 (11... Qxf6 $2 12. Qa4+) 12. Nbd2 Bxf3
$6 (12... Bxc5 13. Nxe4 dxe4 14. Qa4+ Qd7 15. Qxe4 $16) (12... f5 $5 13. Ne5
Bg7 14. Qa4+ Ke7) (12... Bg6 $5) 13. Qxf3 Bxc5 14. c4 $1 dxc4 (14... d4 $2 15.
Qxb7) (14... Be7 $5 15. cxd5 (15. Rad1 $5) 15... Qxd5 16. Qxd5 exd5 17. Nf3 Kf8
$13) 15. Rad1 Qe7 (15... Bd4 16. Qxb7 {/\Nf3/}) 16. Ne4 f5 (16... O-O $2 17.
Rd7 $18) (16... Kf8 17. Nxc5 Qxc5 18. Qxf6 Rg8 19. Rd7 Qh5 (19... Rg7 20. Rd8+
$18) 20. Rxe6 $18) 17. Qc3 $1 $18 fxe4 $8 18. Qxh8+ Qf8 19. Qxh7 e3 20. fxe3
Qe7 21. b3 Bb4 22. Rf1 c3 23. a3 Bxa3 24. Qh8+ Qf8 25. Qxc3 1-0

[Event "RUS-ch Army"]
[Site "Russia"]
[Date "1995.??.??"]
[Round "?"]
[White "Cherniaev, Alexander"]
[Black "Yagupov, Igor"]
[Result "1-0"]
[WhiteElo "2450"]
[BlackElo "2415"]
[Annotator "Chekhov,V"]
[PlyCount "79"]
[EventDate "1995.??.??"]
[EventType "tourn"]
[EventRounds "11"]
[EventCountry "RUS"]
[EventCategory "10"]
[SourceTitle "CBM 048"]
[Source "ChessBase"]
[SourceDate "1995.10.01"]
[SourceVersion "1"]
[SourceVersionDate "1995.10.01"]
[SourceQuality "1"]

1. e4 {Hecht} c5 2. Nf3 Nc6 3. Bb5 d6 4. O-O Bd7 5. Re1 Nf6 6. c3 a6 7. Bxc6
Bxc6 8. d4 Bxe4 9. Bg5 Bd5 10. Nbd2 e6 11. c4 Bxf3 12. Qxf3 cxd4 13. Bxf6 gxf6
14. Qxb7 Bg7 (14... Be7 $5 15. Nf3 Qc8 16. Qe4 f5 17. Qxd4 Rg8 18. h3 Qc6 19.
Kh1 Rc8 $15 {Fette,M-Christiansen,L/GER/1991/0|1/28/}) 15. Qc6+ Kf8 $6 (15...
Ke7 16. Qe4 $5 (16. Nb3 f5 17. Rad1 Qc8 18. Qf3 Qxc4 19. Rc1 Qb4 20. Rc7+ Kf6
21. Rf1 h5 $19 {Wells,P-Grivas,E/Kopavogur/1994/0|1/28/}) 16... Qb6 17. Nf3
Rhc8 18. Qxh7 Kf8 19. b3 $132 {Kalegin,E-Tiviakov,S/URS/1988/1|0/55/}) 16. Ne4
$1 f5 (16... d5 $2 17. cxd5 Qxd5 18. Qxd5 exd5 19. Nd6 $18) (16... Ke7 17. Ng3
$1 Kf8 18. Nh5 Rb8 19. Rad1 $36) 17. Nxd6 Bf6 $2 (17... Rb8 $142 18. c5 a5) 18.
Qb7 $1 Be7 19. Nxf5 exf5 $6 (19... Rb8 $142 20. Qxe7+ Qxe7 21. Nxe7 Kxe7 22. b3
Rhd8 23. Rad1 a5 24. Re4 a4 25. Rd3 Rb4 26. Kf1 axb3 27. axb3 Rdb8) 20. Rxe7
Qxe7 21. Qxa8+ {Hecht Q+R - Q+R 1 weißer Mehr-P, chwarze Streuselkuchen-Bauern,
Mattangriff} Kg7 22. Qf3 (22. Qxa6 {Hecht} Re8 $132 23. Qa5 Qe2 24. h3 d3)
22... Re8 23. Kf1 $18 Kf6 (23... Qe4 $5) 24. Rd1 Qb4 25. b3 Qa5 26. Qh5 (26.
Qf4 $5 Re4 27. Qd6+ Kg7 28. f3 $18) 26... Qxa2 27. Qh6+ Ke7 28. Qg7 Rd8 (28...
Qxb3 29. Re1+ Kd8 30. Qxd4+ $18) 29. Re1+ Kd7 30. Qxd4+ Kc8 31. Qc5+ Kb8 32.
Qb6+ Kc8 33. g3 f4 34. Kg2 f3+ 35. Kxf3 Qa3 36. Kg2 h5 37. h4 f5 38. Re5 Rd6
39. Re8+ Kd7 40. Rd8+ 1-0

[Event "RUS-ch"]
[Site "Elista"]
[Date "1995.??.??"]
[Round "1"]
[White "Kalegin, Evgenij"]
[Black "Dvoirys, Semen I"]
[Result "0-1"]
[WhiteElo "2475"]
[BlackElo "2580"]
[Annotator "Chekhov,V"]
[PlyCount "78"]
[EventDate "1995.10.??"]
[EventType "swiss"]
[EventRounds "11"]
[EventCountry "RUS"]
[SourceTitle "CBM 050"]
[Source "ChessBase"]
[SourceDate "1996.02.01"]
[SourceVersion "1"]
[SourceVersionDate "1996.02.01"]
[SourceQuality "1"]

1. e4 c5 2. Nf3 d6 3. Bb5+ Nc6 4. O-O Bd7 5. c3 Nf6 6. Re1 a6 7. Bxc6 Bxc6 8.
d4 Bxe4 9. Bg5 Bd5 10. Nbd2 e6 11. c4 Bxf3 12. Qxf3 cxd4 13. Bxf6 gxf6 14. Nb3
$5 {/N/} (14. Qxb7 Bg7 15. Qc6+ Ke7 (15... Kf8 $6 16. Ne4 f5 17. Nxd6 Bf6 18.
Qb7 Be7 19. Nxf5 $1 $18 {Cherniaev,A-Yagupov,I/Moscow reg/1995/1|0/40/}) 16.
Qe4 (16. Nb3 f5 17. Rad1 Qc8 18. Qf3 Qxc4 19. Rc1 Qb4 20. Rc7+ Kf6 21. Rf1 h5
$17 {Wells,P-Grivas,E/Kopavogur/1994/0|1/28/}) 16... Qb6 17. Nf3 Rhc8 18. Qxh7
Kf8 19. b3 f5 20. Ng5 Qd8 21. Qh5 Qe7 22. Rad1 $132 {Kalegin,E-Tiviakov,S/URS/
1988/1|0/55/}) 14... Bg7 15. Nxd4 (15. Qxb7 f5 16. Qc6+ Ke7) 15... O-O 16. Rad1
(16. Qxb7 Rb8 (16... Qb8 17. Qxb8 Raxb8 18. b3 f5 19. Rad1 Rfc8 $15) (16... Qc8
$5) 17. Qxa6 Rxb2 18. Rad1 $13) 16... Qa5 17. b3 (17. a3 f5 18. b4 Qb6 $15)
17... f5 (17... Qxa2 18. Qxb7 $13) 18. Re2 d5 $1 19. cxd5 Rad8 20. Nc2 Qxa2 21.
Red2 Rxd5 22. Rxd5 exd5 23. Nb4 (23. Qxf5 Qxb3 $19) 23... Qb2 24. Nxd5 Re8 25.
g3 Qc2 $17 (25... Qe2 $6 26. Qxe2 Rxe2 27. Nf4 Re8 28. Rd7 $44) 26. Ne3 $6 (26.
Nf4 Qe4 27. Kg2 a5 $17) (26. Kg2 $5 Qe4 27. Ne3) 26... Qxb3 27. Rd7 (27. Qxf5
b5 (27... Qe6 $5) 28. Rd7 Qe6 29. Qxe6 fxe6 $6 (29... Rxe6 $5 30. Rd8+ Bf8 31.
Nf5 a5 $19) 30. Ra7 b4 31. Rxa6 Rb8 32. Rxe6 b3 $17) 27... b5 28. Qxf5 Qe6 29.
Qd3 (29. Qxe6 $5 Rxe6 (29... fxe6 30. Ra7) 30. Rd8+ Bf8 31. Nf5 a5 32. Rb8 Re5
33. g4 a4 34. Nh6+ Kg7 35. Nf5+ Rxf5 36. gxf5 b4 37. f6+ Kg8 38. Kf1 a3 39. Ke2
a2 40. Ra8 b3 $19) 29... Bf8 30. Rd5 h6 31. h4 Qe4 32. Qd1 b4 $19 33. Kh2 Bg7
34. Qb3 Be5 35. h5 Re6 36. Rd8+ Kg7 37. Qd1 a5 38. Qd7 Qf3 39. Nd1 Bxg3+ 0-1

[Event "Novosibirsk"]
[Site "Novosibirsk"]
[Date "1995.??.??"]
[Round "10"]
[White "Rublevsky, Sergei"]
[Black "Ruban, Vadim"]
[Result "1-0"]
[WhiteElo "2595"]
[BlackElo "2535"]
[Annotator "Chekhov,V"]
[PlyCount "79"]
[EventDate "1995.10.??"]
[EventType "tourn"]
[EventRounds "11"]
[EventCountry "RUS"]
[EventCategory "15"]
[SourceTitle "CBM 050"]
[Source "ChessBase"]
[SourceDate "1996.02.01"]
[SourceVersion "1"]
[SourceVersionDate "1996.02.01"]
[SourceQuality "1"]

1. e4 c5 2. Nf3 d6 3. Bb5+ Nd7 4. d4 cxd4 $6 (4... Ngf6 $5 5. e5 Qa5+ 6. Nc3
Ne4 7. Bd2 Nxc3 8. Bxd7+ Bxd7 9. Bxc3 Qa6 10. d5 Bf5 $1 $132) 5. Qxd4 Ngf6 6.
Bg5 e6 7. Nc3 a6 (7... Be7 8. O-O-O O-O 9. Rhe1 Qa5 10. Bxd7 Bxd7 11. Bxf6 gxf6
12. e5 fxe5 13. Nxe5 $36 {Dvorietzky,M-Scholseth,T/Saint John/1988/0|1/32/}) 8.
Bxd7+ Bxd7 9. O-O-O h6 (9... Be7 10. e5 dxe5 11. Nxe5 Bc6 12. Nxc6 bxc6 13.
Bxf6 Bxf6 14. Qc5 Qc8 15. Ne4 Be7 16. Nd6+ Bxd6 17. Rxd6 O-O 18. Qxc6 $18 {
Gurgenidze,B-Gufeld,E/Tbilisi/1969/1|0/23/}) 10. Bh4 Be7 11. Rhe1 $6 (11. e5 $5
) 11... Qc7 12. e5 dxe5 13. Nxe5 Rd8 $1 14. Bg3 Qc8 (14... Qc5 $5) 15. Qe3 O-O
16. Qf3 Bc6 (16... b5 17. Bh4 $36) 17. Nxc6 Qxc6 18. Qxc6 bxc6 19. Na4 $14 Nd5
$6 (19... Rxd1+ 20. Rxd1 Rd8 21. Rxd8+ Bxd8 22. Nc5 a5 23. f3 $16) (19... g5 $5
) 20. a3 (20. c4 Nb4 21. Kb1 Nd3 22. Re2 Nc5 $1 $10) 20... g5 21. c4 Nf6 22.
Kc2 Kg7 23. Bc7 (23. Kc3 $6 Ne4+ $1) (23. b4 Rxd1 24. Rxd1 a5 $132) 23... Rxd1
24. Rxd1 Rc8 (24... Kg6 $5) 25. Be5 Kg6 26. Bxf6 $1 Kxf6 (26... Bxf6 27. Nc5 a5
28. Rd7 $16) 27. Nb6 Rg8 (27... Rc7 28. Rd7 Rxd7 29. Nxd7+ Kf5 30. Nb8 $18) (
27... Rd8 28. Rxd8 Bxd8 29. Nd7+ Kf5 30. Nb8 Bc7 31. Nxa6 Bxh2 32. a4 $16) 28.
Nd7+ Kf5 29. Rd3 e5 30. Rb3 Rd8 $6 (30... Ke6 $5 31. Rb7 f6 32. b4 Rd8 33. Nc5+
Bxc5 34. bxc5 Rd4 35. Kc3 Rf4 36. f3 g4 37. fxg4 Rxg4 38. g3 e4 39. Rc7 $16)
31. Rb7 Ke6 32. Nxe5 $1 $18 Rc8 (32... Kxe5 33. Rxe7+ Kf6 34. Ra7 $18) (32...
Bxa3 33. Nxf7 $18) 33. Nd3 Bd6 34. h3 h5 35. Ra7 Rg8 36. Rxa6 g4 37. hxg4 Rxg4
38. c5 Be7 39. Rxc6+ Kd5 40. Rc7 1-0